MDQL
is popping MORE tags! Check the
thread
!
Quizzes
Events
Quiz Creation
Community
Videos
Private Events
Remove Ads
Sign In
Join for FREE
Feedback
Dark Mode
Quiz Categories
Sports
Geography
Music
Movies
Television
Just For Fun
Miscellaneous
History
Literature
Language
Science
Gaming
Entertainment
Religion
Holiday
For Kids
Quiz Lab
Recent
Popular Today
Quiz Kudos Today
Editor Picks
Curator Picks
Quizzes by...
Day
Popularity
Type
Ratings
Length
Year
Community
Subscriptions
Recent Discussions
Orange Saloon
Badges
Playlists
Quests
Create
Leaderboards
Showdown
Live 5
Trivia Bingo
Activity
Puzzle Library
Sporcle Events
Private Events
Virtual Trivia
Globe League
Become a Host
Pub Owners
SporcleCon
Opinionation
Our Games
Videos
Blog
Mobile Apps
Partnerships
Remove Ads and Go Orange
Feedback
Entertainment
Celebrity
Famous
Musical
Broadway
Show
Quote
Comic Books
Anime
Superhero
DC Comics
Marvel
Cartoons
Animation
Entertainment
Celebrity
Famous
Musical
Broadway
Show
Quote
Comic Books
Anime
Superhero
DC Comics
Marvel
Cartoons
Animation
Random Quiz
Search Sporcle
×
Quiz Lab
Quiz Lab
Entertainment
Song
Type in answers that appear in a list
Type in answers that appear in a list
Classic
Best Score? Go Orange.
Musical Don'ts Stats
Can you name the musical based on the lyrics featuring the word don't?
By
Musicalfan
15m
30 Questions
295 Plays
295 Plays
295 Plays
Comments
Comments
Give Quiz Kudos
Give Quiz Kudos
-
- Ratings
hide this ad
Forced Order
Answers have to be entered in order
Answers have to be entered in order
Random Order
Randomize order of answers
Randomize order of answers
Replay
Link that replays current quiz
Next Quiz
Link to next quiz in quiz playlist
You Got
0%
They Got
Avg Score
24%
Avg Friend Score
Upgrade to see
Score Distribution
Jump to the score distribution portion of the page
Score
0/30
Timer
15:00
0
Plays Today
Lyric
Musical
% Correct
Don't cry for me Argentina, the truth is I never left you
Evita
91.2%
Don't you fret, Monsieur Marius, I don't feel any pain
Les Miserables
84%
Don't tell me not to fly, I've simply got to
Funny Girl
69%
Don't wish, don't start, wishing only wounds the heart
Wicked
62.2%
Don't treat me like a child of two
Hairspray
53.1%
Don't stop me now, 'cos I'm having such a good time
We Will Rock You
41.5%
Don't breathe too deep, don't think all day
Rent
41.2%
Don't need no makeup, don't need to pretend
Little Shop Of Horrors
38.8%
Don't shoot Eddie, he's your brother
Blood Brothers
32%
Don't throw bouquets at me, don't please my folks too much
Oklahoma
30.6%
Don't think about the things which might have been
The Phantom of the Opera
27.9%
Don't be stupid, be a smarty
The Producers
25.9%
Don't let me go, you need me
Shrek
21.8%
Don't write a letter when you want to leave
Tell Me On A Sunday
20.1%
Don't put honey on your brother
Matilda
12.2%
Lyric
Musical
% Correct
Don't stop now, we've gotta keep it going all night
Starlight Express
7.8%
Don't be afraid of the dark
Carousel
7.5%
Don't finish that sentence, she's monstrous
A Little Night Music
7.5%
Don't say 'oh thanks, I would have drowned in just one second more'
Wonderful Town
7.5%
Don't ever, ever make me say goodbye
Sunset Boulevard
6.8%
Don't you patronise me, it's your fault we came here
Love Never Dies
6.5%
Don't say what to every line you haven't got
The Frogs
6.1%
Don't forget the guys who cut your keys
Chess
6.1%
Don't ask me just how it happened, I wish I knew
Annie Get Your Gun
4.8%
Don't be anything less than everything you can be
Snoopy: The Musical
3.4%
Don't lose me in the rain
Ghost
2.7%
Don't stay shut away with all those might have beens
Soho Cinders
2%
Where have you been all my life? Don't go away
Roadshow
1.7%
Don't choose to be alone, we must not be afraid
Love Story
1.4%
Don't leave me
Aspects of Love
1%
Quiz Playlist
Details
Report
Send in Message
Add To Playlist
Classic:
Type in answers that appear in a list
Forced Order:
Answers have to be entered in order
Random Order:
Randomize order of answers
Last Updated: Feb 16, 2017
Quiz Scoreboard
CHALLENGE
Sign Up to Join the Scoreboard
Show All
Scores
Hide
Comments
May contain spoilers
Recently Published
Image Sorting: Flags VI
by Barbecue
Geography
2m
Find the 'City' Movie
by crazypaving
Movies
60s
5x2 Blitz: Bands
by SL_Kpop136
Music
30s
More to Explore
Quiz From the Vault
Featured Blog Post
14 Easter Pick-up Lines to Find Eggs With
hide this ad
You Might Also Like...
Tags
Broadway Quiz
Lyrics Quiz
Musical Quiz
Song Quiz
Broadway Lyrics
Broadway Musicals
Broadway Shows
Musical Numbers
Musical Songs
Musical Theater
West End
Today's Top Quizzes in Entertainment
Browse Entertainment
hide this ad
Today's Top Quizzes in Song
Browse Song
Top Contributed Quizzes in Entertainment
1
Marvel Classic Character Map
2
Dragon Ball Z: Goku's Fights in Order
3
Marvel Characters Bunker
4
JoJo's Bizarre Logic Quiz
5
This is Your Life: Edward Elric
6
Celebrity Spelling Bee
7
This is Your Life: Itachi Uchiha
8
BOYS PLANET Quiz
9
Sorting Pictures: Villains
10
One Piece Heroines Chapter Cover
Explore More
Trending Topics
Kpop
Marvel
Anime
NBA
Crossword
Harry Potter
Disney
Puzzle
Pokémon
The Office
Song
NFL
WWE
Country
Soccer
hide this ad
More By:
Musicalfan
Quiz
Plays
Rating
Category
Featured
Created
Harry Potter First 200 Words
80,983
4.52
Literature
Dec 11, 2010
Timely Musicals
29,831
4.05
Entertainment
May 19, 2011
HP 3 First 200 Words
15,336
4.50
Literature
Jan 5, 2011
HP 2 First 200 Words
8,595
4.61
Literature
Jan 3, 2011
HP 7 Last 200 Words
7,788
4.26
Literature
Dec 11, 2010
Go to Creator's Profile
Score Distribution
Quiz Creator Spotlight
Musicalfan
Follow
Send a Message
Quizzes Created
-
Created Quiz Play Count
-
More By This Creator
Popular Quizzes Today
1
Colored Red Africa Blitz
2
Find the US States - No Outlines Minefield
3
Find the 'City' Movie
4
5x2 Blitz: Bands
5
The Countries of the World
6
Find the US States
7
Find the Countries of Europe - No Outlines Minefield
8
US States
More Entertainment Quizzes
Ballets by Picture
Published
Trending Quizzes
Colored Red Europe Blitz I
Colored Red Europe Blitz II
Colored Red Africa Blitz II
Colored Red Europe Blitz III
Colored Red Africa Blitz III
Recently Updated
How Do You Spell That?
pecheneg
Godzilla Movies
pecheneg
Grab Bag: 4-10 Letters
pecheneg
2024 March Madness Bracket
pecheneg
Famous TV Couples
Peacemaker
Champions League XIs: Real Madrid
pecheneg
Largest US Cities 1790-2010
pecheneg
Rides in Walt Disney World
pecheneg
Most Oscar Losses (Acting)
pecheneg
Beyoncé Albums
pecheneg
Trending Topics
Anime
Harry Potter
Crossword
Marvel
Kpop
NBA
Disney
Soccer
Country
Pokémon
Puzzle
The Office
WWE
NFL
Song
Your Account Isn't Verified!
In order to create a playlist on Sporcle, you need to verify the email address you used during registration. Go to your
Sporcle Settings
to finish the process.
Report this User
Report this user for behavior that violates our
Community Guidelines
.
Details:
Send Report
Go to the Sporcle.com Mobile Site →
Comments